<?xml version="1.0" encoding="UTF-8"?>
<record
    xmlns:xsi="http://www.w3.org/2001/XMLSchema-instance"
    xsi:schemaLocation="http://www.loc.gov/MARC21/slim http://www.loc.gov/standards/marcxml/schema/MARC21slim.xsd"
    xmlns="http://www.loc.gov/MARC21/slim">

  <leader>02150    a2200265   4500</leader>
  <controlfield tag="003">NALT</controlfield>
  <controlfield tag="005">20250522121502.0</controlfield>
  <controlfield tag="008">240401b        th ||||| |||| 00| 0 tha d</controlfield>
  <datafield tag="020" ind1=" " ind2=" ">
    <subfield code="a">9786164860797</subfield>
  </datafield>
  <datafield tag="040" ind1=" " ind2=" ">
    <subfield code="a">NALT</subfield>
  </datafield>
  <datafield tag="050" ind1=" " ind2=" ">
    <subfield code="a">BF 311</subfield>
    <subfield code="b">&#xE01;275&#xE04; 2565</subfield>
  </datafield>
  <datafield tag="100" ind1="0" ind2=" ">
    <subfield code="a">&#xE01;&#xE24;&#xE15;&#xE20;&#xE31;&#xE04; &#xE07;&#xE32;&#xE21;&#xE27;&#xE32;&#xE2A;&#xE35;&#xE19;&#xE19;&#xE17;&#xE4C;</subfield>
    <subfield code="9">63542</subfield>
  </datafield>
  <datafield tag="245" ind1="1" ind2="0">
    <subfield code="a">&#xE04;&#xE34;&#xE14; &#xE40;&#xE23;&#xE47;&#xE27; &#xE0A;&#xE49;&#xE32; &#xE04;&#xE27;&#xE32;&#xE21;&#xE23;&#xE39;&#xE49; &#xE2D;&#xE33;&#xE19;&#xE32;&#xE08; &#xE41;&#xE25;&#xE30;&#xE01;&#xE32;&#xE23;&#xE1B;&#xE23;&#xE30;&#xE01;&#xE2D;&#xE1A;&#xE2A;&#xE23;&#xE49;&#xE32;&#xE07;&#xE15;&#xE31;&#xE27;&#xE15;&#xE19; : </subfield>
    <subfield code="b">&#xE08;&#xE32;&#xE01;&#xE42;&#xE23;&#xE04;&#xE0B;&#xE36;&#xE21;&#xE40;&#xE28;&#xE23;&#xE49;&#xE32;&#xE16;&#xE36;&#xE07;&#xE40;&#xE28;&#xE23;&#xE29;&#xE10;&#xE28;&#xE32;&#xE2A;&#xE15;&#xE23;&#xE4C;&#xE1E;&#xE24;&#xE15;&#xE34;&#xE01;&#xE23;&#xE23;&#xE21; /</subfield>
    <subfield code="c">&#xE01;&#xE24;&#xE15;&#xE20;&#xE31;&#xE04; &#xE07;&#xE32;&#xE21;&#xE27;&#xE32;&#xE2A;&#xE35;&#xE19;&#xE19;&#xE17;&#xE4C;.</subfield>
  </datafield>
  <datafield tag="250" ind1=" " ind2=" ">
    <subfield code="a">&#xE1E;&#xE34;&#xE21;&#xE1E;&#xE4C;&#xE04;&#xE23;&#xE31;&#xE49;&#xE07;&#xE41;&#xE23;&#xE01;.</subfield>
  </datafield>
  <datafield tag="260" ind1=" " ind2=" ">
    <subfield code="a">&#xE01;&#xE23;&#xE38;&#xE07;&#xE40;&#xE17;&#xE1E;&#xE2F; :</subfield>
    <subfield code="b">&#xE2A;&#xE22;&#xE32;&#xE21;&#xE1B;&#xE23;&#xE34;&#xE17;&#xE31;&#xE28;&#xE19;&#xE4C;,</subfield>
    <subfield code="c">2565.</subfield>
  </datafield>
  <datafield tag="300" ind1=" " ind2=" ">
    <subfield code="a">227 &#xE2B;&#xE19;&#xE49;&#xE32; :</subfield>
    <subfield code="b">&#xE20;&#xE32;&#xE1E;&#xE1B;&#xE23;&#xE30;&#xE01;&#xE2D;&#xE1A; ;</subfield>
    <subfield code="c">21 &#xE0B;&#xE21;.</subfield>
  </datafield>
  <datafield tag="505" ind1="0" ind2=" ">
    <subfield code="a">&#xE1A;&#xE17;&#xE17;&#xE35;&#xE48; 1 &#xE01;&#xE32;&#xE23;&#xE23;&#xE39;&#xE49;&#xE04;&#xE34;&#xE14;&#xE41;&#xE25;&#xE30;&#xE1E;&#xE24;&#xE15;&#xE34;&#xE01;&#xE23;&#xE23;&#xE21;: &#xE04;&#xE27;&#xE32;&#xE21;&#xE23;&#xE39;&#xE49; &#xE2D;&#xE33;&#xE19;&#xE32;&#xE08; &#xE41;&#xE25;&#xE30;&#xE01;&#xE32;&#xE23;&#xE1B;&#xE23;&#xE30;&#xE01;&#xE2D;&#xE1A;&#xE2A;&#xE23;&#xE49;&#xE32;&#xE07;&#xE15;&#xE31;&#xE27;&#xE15;&#xE19; -- &#xE1A;&#xE17;&#xE17;&#xE35;&#xE48; 2 &#xE01;&#xE33;&#xE40;&#xE19;&#xE34;&#xE14;&#xE42;&#xE21;&#xE40;&#xE14;&#xE25;&#xE01;&#xE32;&#xE23;&#xE23;&#xE39;&#xE49;&#xE04;&#xE34;&#xE14;&#xE02;&#xE2D;&#xE07; Aaron T. Beck &#xE01;&#xE31;&#xE1A;&#xE04;&#xE27;&#xE32;&#xE21;&#xE08;&#xE23;&#xE34;&#xE07;&#xE0A;&#xE38;&#xE14;&#xE43;&#xE2B;&#xE21;&#xE48;&#xE17;&#xE35;&#xE48;&#xE27;&#xE48;&#xE32;&#xE14;&#xE49;&#xE27;&#xE22;&#xE01;&#xE32;&#xE23;&#xE23;&#xE39;&#xE49;&#xE04;&#xE34;&#xE14;&#xE41;&#xE25;&#xE30;&#xE2D;&#xE32;&#xE23;&#xE21;&#xE13;&#xE4C;&#xE04;&#xE27;&#xE32;&#xE21;&#xE23;&#xE39;&#xE49;&#xE2A;&#xE36;&#xE01;&#xE02;&#xE2D;&#xE07;&#xE21;&#xE19;&#xE38;&#xE29;&#xE22;&#xE4C; -- &#xE1A;&#xE17;&#xE17;&#xE35;&#xE48; 3 &#xE40;&#xE28;&#xE23;&#xE29;&#xE10;&#xE28;&#xE32;&#xE2A;&#xE15;&#xE23;&#xE4C;&#xE1E;&#xE24;&#xE15;&#xE34;&#xE01;&#xE23;&#xE23;&#xE21;&#xE01;&#xE31;&#xE1A;&#xE01;&#xE32;&#xE23;&#xE40;&#xE1B;&#xE25;&#xE35;&#xE48;&#xE22;&#xE19;&#xE41;&#xE1B;&#xE25;&#xE07;&#xE02;&#xE2D;&#xE07;&#xE15;&#xE31;&#xE27;&#xE15;&#xE19; &#xE2D;&#xE33;&#xE19;&#xE32;&#xE08; &#xE41;&#xE25;&#xE30;&#xE04;&#xE27;&#xE32;&#xE21;&#xE23;&#xE39;&#xE49; &#xE08;&#xE32;&#xE01; Daniel Kahneman &#xE16;&#xE36;&#xE07; Richard Thaler -- &#xE1A;&#xE17;&#xE17;&#xE35;&#xE48; 4 &#xE1A;&#xE17;&#xE2A;&#xE23;&#xE38;&#xE1B;&#xE02;&#xE2D;&#xE07;&#xE01;&#xE32;&#xE23;&#xE23;&#xE39;&#xE49;&#xE04;&#xE34;&#xE14;&#xE41;&#xE25;&#xE30;&#xE1E;&#xE24;&#xE15;&#xE34;&#xE01;&#xE23;&#xE23;&#xE21;.</subfield>
  </datafield>
  <datafield tag="650" ind1=" " ind2="4">
    <subfield code="a">&#xE01;&#xE32;&#xE23;&#xE23;&#xE39;&#xE49;&#xE04;&#xE34;&#xE14;</subfield>
    <subfield code="9">23821</subfield>
  </datafield>
  <datafield tag="650" ind1=" " ind2="4">
    <subfield code="a">&#xE04;&#xE27;&#xE32;&#xE21;&#xE0B;&#xE36;&#xE21;&#xE40;&#xE28;&#xE23;&#xE49;&#xE32;</subfield>
    <subfield code="9">53196</subfield>
  </datafield>
  <datafield tag="650" ind1=" " ind2="4">
    <subfield code="a">&#xE1E;&#xE24;&#xE15;&#xE34;&#xE01;&#xE23;&#xE23;&#xE21;&#xE21;&#xE19;&#xE38;&#xE29;&#xE22;&#xE4C;</subfield>
    <subfield code="9">38450</subfield>
  </datafield>
  <datafield tag="650" ind1=" " ind2="4">
    <subfield code="a">&#xE40;&#xE28;&#xE23;&#xE29;&#xE10;&#xE28;&#xE32;&#xE2A;&#xE15;&#xE23;&#xE4C;</subfield>
    <subfield code="x">&#xE41;&#xE07;&#xE48;&#xE08;&#xE34;&#xE15;&#xE27;&#xE34;&#xE17;&#xE22;&#xE32;</subfield>
    <subfield code="9">4232</subfield>
  </datafield>
  <datafield tag="942" ind1=" " ind2=" ">
    <subfield code="c">GB</subfield>
    <subfield code="2">lcc</subfield>
  </datafield>
  <datafield tag="996" ind1=" " ind2=" ">
    <subfield code="a">saiphon.d</subfield>
    <subfield code="b">CATSTF	</subfield>
    <subfield code="c">2024-04-01</subfield>
  </datafield>
  <datafield tag="999" ind1=" " ind2=" ">
    <subfield code="c">104880</subfield>
    <subfield code="d">104880</subfield>
  </datafield>
  <datafield tag="998" ind1=" " ind2=" ">
    <subfield code="j">8</subfield>
    <subfield code="k"> &#xE19;&#xE32;&#xE22;&#xE1A;&#xE31;&#xE13;&#xE11;&#xE34;&#xE15;  &#xE2D;&#xE38;&#xE17;&#xE32;&#xE27;&#xE07;&#xE04;&#xE4C;</subfield>
  </datafield>
  <datafield tag="952" ind1=" " ind2=" ">
    <subfield code="0">0</subfield>
    <subfield code="1">0</subfield>
    <subfield code="2">lcc</subfield>
    <subfield code="4">0</subfield>
    <subfield code="7">0</subfield>
    <subfield code="8">CGBL</subfield>
    <subfield code="a">NALT</subfield>
    <subfield code="b">NALT</subfield>
    <subfield code="c">GEN</subfield>
    <subfield code="d">2024-03-14</subfield>
    <subfield code="e">193</subfield>
    <subfield code="l">5</subfield>
    <subfield code="m">2</subfield>
    <subfield code="o">BF 311 &#xE01;275&#xE04; 2565</subfield>
    <subfield code="p">3961222762</subfield>
    <subfield code="r">2025-05-29 00:00:00</subfield>
    <subfield code="s">2025-05-22</subfield>
    <subfield code="w">2024-03-14</subfield>
    <subfield code="y">GB</subfield>
  </datafield>
</record>
